000 00428nam a22001697a 4500
003 CEME
005 20210628203924.0
008 210309b xxu||||| |||| 00| 0 eng d
020 _a0-563-36441-6
040 _c.
082 _a297 AKB'L
100 _aAkber, S. Ahmed
_967864
245 _aLiving islam , from samarkand to stornaway
260 _aRAWALPINDI
_bARMY EDUCATION PRESS
_c1993
300 _a224P
942 _cBK
_2ddc
999 _c575549
_d575549